Statistics for All Characters/Transformations in the Dragon Ball Universe

Click here to take the quiz!

General Stats

  • This quiz has been taken 2,042 times
    (1,340 since last reset)
  • The average score is 65 of 256

Answer Stats

HintsAnswer% Correct
๐™-๐…๐ข๐ ๐ก๐ญ๐ž๐ซ๐ฌ: Z-Fighter/SaiyanGoku
95%
๐™-๐…๐ข๐ ๐ก๐ญ๐ž๐ซ๐ฌ: Z-Fighter/SaiyanVegeta
72%
๐™-๐…๐ข๐ ๐ก๐ญ๐ž๐ซ๐ฌ: Z-Fighter/SaiyanGohan
71%
-Kid VersionKid Goku
66%
๐™-๐…๐ข๐ ๐ก๐ญ๐ž๐ซ๐ฌ: Z-Fighter/SaiyanGoten
60%
๐™-๐…๐ข๐ ๐ก๐ญ๐ž๐ซ๐ฌ: Z-Fighter/SaiyanTrunks
57%
-TransformationGoku Super Saiyan
54%
๐๐ฎ๐ฎ ๐’๐š๐ ๐š: MajinMajin Buu (Fat Buu)
54%
-Transformation (False Form)Ultra Instinct Goku
54%
๐™-๐…๐ข๐ ๐ก๐ญ๐ž๐ซ๐ฌ: Z-Fighter/NamekianPiccolo
53%
-TransformationGoku Super Saiyan 2
52%
Fusion from top two Z-Fighters:Gogeta
51%
-TransformationGoku Super Saiyan 3
51%
๐…๐š๐ฆ๐ข๐ฅ๐ฒ/๐’๐ฎ๐ฉ๐ฉ๐จ๐ซ๐ญ๐ข๐ง๐  ๐‚๐ก๐š๐ซ๐š๐œ๐ญ๐ž๐ซ๐ฌ: Human/Wife/MotherBulma
50%
-TransformationGoku Super Saiyan 4
50%
-TransformationGoku Super Saiyan Blue
49%
-TransformationGoku Super Saiyan God
49%
๐๐š๐ฆ๐ž๐ค ๐’๐š๐ ๐š: Villain/Frost Demon RaceFrieza
48%
Fusion from top two Z-Fighters (Patora)Vegito
48%
AndroidAndroid 17
47%
Android/Wife of Z-Fighter/MotherAndroid 18
47%
Bio-AndroidCell
47%
-Transformation (With Kaioken)Goku Super Saiyan Blue Kaioken
47%
๐™-๐…๐ข๐ ๐ก๐ญ๐ž๐ซ๐ฌ: Z-Fighter/HumanKrillin
47%
-TransformationVegeta Super Saiyan
47%
Human/Wife/MotherChi-Chi
46%
Fusion of top two Z-Fighters:Gotenks
45%
-Transformation (Evil Form)Majin Vegeta
45%
-TransformationVegeta Super Saiyan 2
44%
๐™-๐…๐ข๐ ๐ก๐ญ๐ž๐ซ๐ฌ: Z-Fighter/HumanYamcha
44%
AndroidAndroid 16
43%
๐๐ž๐ž๐ซ๐ฎ๐ฌ ๐’๐š๐ ๐š: Cat/God of DestructionBeerus
43%
๐…๐ฎ๐ญ๐ฎ๐ซ๐ž ๐“๐ซ๐ฎ๐ง๐ค๐ฌ ๐’๐š๐ ๐š: Villain/DBSGoku Black
43%
๐™-๐…๐ข๐ ๐ก๐ญ๐ž๐ซ๐ฌ: Z-Fighter/OldMaster Roshi
43%
๐™-๐…๐ข๐ ๐ก๐ญ๐ž๐ซ๐ฌ: Z-Fighter/Three Eyed PeopleTien Shinhan
43%
Future VersionFuture Trunks
42%
-TransformationGohan Super Saiyan
42%
MajinKid Buu
42%
-Kid VersionKid Gohan
42%
-TransformationVegeta Super Saiyan Blue
42%
-TransformationGohan Super Saiyan 2
41%
AndroidAndroid 19
40%
๐Œ๐จ๐ฏ๐ข๐ž ๐•๐ข๐ฅ๐ฅ๐š๐ข๐ง๐ฌ: Villain/SaiyanBroly
40%
Android/CreatorDr. Gero/Android 20
40%
-TransformationGogeta Super Saiyan
40%
-Teen VersionTeen Gohan
40%
-TransformationTrunks Super Saiyan
40%
Saiyan/Father of Z-FighterBardock
39%
-Transformation (DBS: Superhero)Beast Gohan
39%
-TransformationVegeta Super Saiyan God
39%
Angel/Companion of God of DestructionWhis
39%
Future VersionFuture Gohan
38%
-Transformation (DBS)Golden Frieza
38%
-TransformationGoten Super Saiyan
38%
Human/Champion of the WorldMr. Satan
38%
Human/Daughter of Z-FighterPan
38%
-Transformation (Newest Manga Form)Vegeta Ultra Ego
38%
-TransformationVegito Super Saiyan
38%
-Kid VersionKid Trunks
37%
๐’๐š๐ข๐ฒ๐š๐ง ๐’๐š๐ ๐š: Saiyan/Brother of Z-FighterRaditz
37%
-TransformationGogeta Super Saiyan Blue
36%
-TransformationGotenks Super Saiyan
36%
-Transformation (Not SSJ)Great Ape Goku
36%
๐”๐ง๐ข๐ฏ๐ž๐ซ๐ฌ๐ž ๐’๐ฎ๐ซ๐ฏ๐ข๐ฏ๐š๐ฅ ๐’๐š๐ ๐š: Universe 11: Alien/Pride TroopersJiren The Gray
36%
T-ransformation (Complete Form)Mastered Ultra Instinct Goku
36%
MajinSuper Buu
36%
-TransformationVegito Super Saiyan Blue
36%
AndroidAndroid 13
35%
๐ƒ๐ซ๐š๐ ๐จ๐ง ๐๐š๐ฅ๐ฅ ๐†๐“: ๐๐š๐›๐ฒ ๐’๐š๐ ๐š: Villain/GT/Tuffle RaceBaby
35%
-TransformationGotenks Super Saiyan 3
35%
Saiyan/Companion of aboveNappa
35%
-Transformation (DBS: Superhero)Orange Piccolo
35%
Magical Dragon/Eternal Dragon of Planet EarthShenron
35%
-TransformationVegeta Super Saiyan 4
35%
-TransformationFuture Trunks Super Saiyan 2
34%
-Transformation (Not SSJ)Great Ape Vegeta
34%
-TransformationPerfect Cell
34%
AndroidAndroid 14
33%
AndroidAndroid 15
33%
Universe 6: Greatest HitmanHit
33%
Deities/Namekian/Former Guardian of EarthKami
33%
Namekian/Current Earth GuardianDende
32%
Villain/DBSFuture Zamasu
32%
-TransformationGogeta Super Saiyan 4
32%
Human Reincarnation of aboveUub
32%
Human/Wife/Fighter/MotherVidel
32%
Human/Sister of Half-Saiyan/Daughter of Z-FighterBulla
31%
๐”๐ง๐ข๐ฏ๐ž๐ซ๐ฌ๐ž ๐Ÿ” ๐’๐š๐ ๐š: Cat/God of Destruction/Twin brotherChampa
31%
-TransformationFuture Trunks Super Saiyan
31%
Deities/East Supreme Kai/Supreme KaiShin
31%
-Transformation (Newest Manga Form)Black Frieza
30%
Henchmen of aboveCaptain Ginyu
30%
Villain/Frost Demon RaceCooler
30%
-TransformationFuture Gohan Super Saiyan
30%
Universe 6: SaiyanKale
30%
Deities/Kai/KingKing Kai
30%
Saiyan/Father of Z-FighterKing Vegeta
30%
Animal/PigOolong
30%
-Transformation (DBGT)Super 17
30%
-Transformation (2nd Grade Form)Super Vegeta
30%
-Transformation (True Form)Frieza Final Form
29%
Villain/Frost Demon RaceFrost
29%
-Transformation (Not SSJ)Great Ape Gohan
29%
Fusion of two aboveKefla
29%
-TransformationUltimate Gohan (Buu Saga)
29%
-TransformationBardock Super Saiyan
28%
-TransformationFrieza Second Form
28%
๐€๐ง๐๐ซ๐จ๐ข๐ ๐’๐š๐ ๐š: Villain/Frost Demon RaceKing Cold
28%
Namekian Fighter (Fuses w/ Z-Fighter)Nail
28%
-TransformationFrieza Third Form
27%
Human/Adoptive Father of GokuGrandpa Gohan
27%
Henchmen of aboveZarbon
27%
-Transformation with Z-FighterBaby Vegeta
26%
-TransformationBroly Super Saiyan
26%
Universe 6: SaiyanCabba
26%
Universe 6: Saiyan/Leader of Saiyan PunksCaulifla
26%
-Revival (DBS: Superhero)Cell Max
26%
Henchmen of aboveDodoria
26%
MajinEvil Buu
26%
Universe 11: Pride Trooper MemberToppo
26%
-Transformation (Legendary)Broly Legendary Super Saiyan
25%
Henchmen of aboveBurter
25%
-Transformation of all Shadow DragonsOmega Shenron
25%
Human/Father of AboveOx-King
25%
Angel/Companion of God of DestructionVados
25%
Android/Dragon Ball SagaAndroid 8
24%
๐™-๐…๐ข๐ ๐ก๐ญ๐ž๐ซ๐ฌ: Z-Fighter/HumanChiaotzu
24%
Henchmen of aboveGuldo
24%
Henchmen of aboveJeice
24%
Animal/Cat/Z-Fighter's Pet/FriendPuar
24%
Henchmen of aboveRecoome
24%
Demon KingDabura
23%
-Transformation (DBS)Future Trunks Super Saiyan Rage
23%
Woman Saiyan/Wife of aboveGine
23%
Human/Daughter of Z-Fighter/AndroidMarron
23%
Magical Dragon/Eternal Dragon of Planet NamekPorunga
23%
Villain/Alien Wizard/DoppelgangerBibidi
21%
-TransformationCaulifla Super Saiyan
21%
Bio-Android/OffspringCell Jr
21%
Villain/Red Ribbon Army GeneralGeneral Blue
21%
-TransformationGoku Black Super Saiyan Rose
21%
Grand Angel of All/Companion of God aboveGrand Priest
21%
-Transformation (Not SSJ)Great Ape Bardock
21%
-Transformation (Not SSJ)Great Ape Nappa
21%
-TransformationKale Super Saiyan
21%
TransformationKefla Legendary Super Saiyan
21%
Villain/Namekian/Father of Z-FighterKing Piccolo
21%
Deites/CatKorin
21%
-Transformation (After Death)Mecha Frieza
21%
Assistant DeityMr. Popo
21%
-Transformation (DB Super)Vegeta Super Saiyan Blue Evolution
21%
-TransformationCabba Super Saiyan
20%
-Transformation (Not SSJ)Great Ape Raditz
20%
Alternate Version (Alter Ego)Great Saiyaman
20%
Namekian/Old/Creator of Namek's Dragon BallsGuru
20%
Member of Galactic Patrol/Super EliteJaco
20%
-TransformationSemi-Perfect Cell
20%
Villain/SaiyanTurles
20%
๐™-๐…๐ข๐ ๐ก๐ญ๐ž๐ซ๐ฌ: Z-Fighter/HumanYajirobe
20%
-TransformationCaulifla Super Saiyan 2
19%
Fusion of top VillainsFused Zamasu
19%
Deitie/Shinjin/Attendant of Kai'sKibito
19%
Henchmen of above/Future Trunk's LoveMai
19%
-Transformation/AbsorptionSuper Buu Gohan Absorbed
19%
-Transformation/AbsorptionSuper Buu Gotenks Absorbed
19%
-Transformation/AbsorptionSuper Buu Piccolo Absorbed
19%
-Transformation (100%)Super Perfect Cell
19%
Super Magical Eternal Dragon (Super Dragon Balls)Super Shenron
19%
-TransformationCabba Super Saiyan 2
18%
Villain/NamekianLord Slug
18%
Saiyan/Father of Saiyan VillianParagus
18%
-TransformationCooler Final Form
17%
Deity/Advisor of Supreme Kai/OldOld Kai
17%
Cultivars/Aliens in Saiyan SagaSaibamen
17%
Saiyan/Brother of Z-Fighter/Not a FighterTarble
17%
Henchmen of aboveCui
16%
-TransformationFrost Final Form
16%
Villain/DemonJanemba
16%
-TransformationKale Legendary Super Saiyan
16%
Villain/Red Ribbon Army CommanderCommander Red
15%
Villain/Shadow Dragons/GTEis Shenron
15%
-Transformation (DBGT)Majuub
15%
๐Œ๐š๐ง๐ ๐š ๐’๐ž๐ซ๐ข๐ž๐ฌ/๐…๐ฎ๐ญ๐ฎ๐ซ๐ž ๐€๐ง๐ข๐ฆ๐ž: Villain/WizardMoro
15%
-TransformationSuper Trunks
15%
-Transformation (G.O.D)Toppo God Of Destruction
15%
Universe 11: Pride Trooper MemberDyspo
14%
Villain/EmperorEmperor Pilaf
14%
Supreme Kai of Universe 10/Master of Villian AboveGowasu
14%
-TransformationMaster Roshi Max Power
14%
Villain/Shadow Dragons/GTNuova Shenron
14%
Henchmen of aboveAppule
13%
-Transformation (Not SSJ)Bio Broly
13%
Woman Saiyan/FighterFasha
13%
-TransformationFrost Third Form
13%
Initial Villain/Anti-Hero/Cerealian RaceGranolah
13%
Fusion of top twoKibito Kai
13%
๐ƒ๐ซ๐š๐ ๐จ๐ง ๐๐š๐ฅ๐ฅ: Woman Human Fighter/Dragon Ball SagaLaunch
13%
Henchmen of above/AlienPui Pui
13%
Villain/Shadow Dragons/GTSyn Shenron
13%
Villain/Leader of Galaxy SoldiersBojack
12%
Villain/MakyanGarlic Jr
12%
Villain/Red Ribbon ArmyMercenary Tao
12%
Unknown Race/Fighter in Other WorldPikkon
12%
Universe 2: Maiden/Fat/Leader of Maiden SquadronRibrianne
12%
TransformationSuper Android 13
12%
๐‹๐ž๐ ๐ž๐ง๐๐š๐ซ๐ฒ ๐‡๐ž๐ซ๐จ: DBZ: Wrath of the DragonTapion
12%
Universe 9: Trio De Dangers Member/Wolf BrothersBergamo
11%
-TransformationMeta-Cooler
11%
Villain/Shadow Dragons/GTRage Shenron
11%
Henchmen of above/Human PossessedSpopovich
11%
Universe 9: Trio De Dangers Member/Wolf BrothersBasil
10%
Villain/Heeter Family/Brother of AboveGas
10%
Human/Dragon Ball Saga/FighterNam
10%
-Transformation (Final Battle)Great Ape Baby Vegeta
9%
Villain/Frost Demon RaceLord Chilled
9%
Galactic Patrol/Angel/Former AngelMerus
9%
-TransformationSuper Janemba
9%
Villain/Alien Wizard/Doppelganger/Controls AboveBabadi
8%
Villain/DBZ: Wrath of the DragonHirudegarn
8%
Universe 9: Trio De Dangers Member/Wolf BrothersLavender
8%
Henchmen of aboveShu
8%
-TransformationZarbon Second Form
8%
Villain/Shadow Dragons/GTOceanus Shenron
7%
God of All 12 UniversesZen-Oh
7%
-TransformationFrieza Final Form 100%
6%
Machine Mutant/Robot (GT)Giru
6%
Villain/Shadow Dragons/GTHaze Shenron
6%
Henchmen of aboveSalza
6%
Henchmen of aboveZangya
6%
Android/Dragon Ball SagaArale Norimaki
5%
Villain/Shadow Dragons/GTNaturon Shenron
5%
Villain/Mutated Namekian/Evil Namekian's ChildrenTambourine
5%
-TransformationBaby Vegeta Final Form
4%
-TransformationBaby Vegeta Second Form
4%
-TransformationBojack Full Power
4%
-TransformationCyborg Tao
4%
Villain/DoctorDr. Wheelo
4%
Villain/Leader of Heeter FamilyElec
4%
Villain/Prisoner/Copies AbilitiesSeven-Three
4%
-TransformationSuper Garlic Jr
4%
Henchmen of aboveVinegar
4%
-TransformationBergamo Giant Form
3%
Henchmen of aboveBido
3%
Villain/Shadow Dragons/GTBlack Smoke Shenron
3%
Henchmen of aboveBujin
3%
Universe 3: Fighter/CopKatopesla
3%
-TransformationLord Slug Giant Form
3%
Namekian/Adoptive Father of AboveMonaito
3%
Henchmen of aboveMustard
3%
Universe 3: Controller of AI Robots/ FighterPaparoni
3%
Henchmen of aboveSalt
3%
Henchmen of aboveSpice
3%
Villain/DemonSpike the Devil Man
3%
Henchmen of aboveKogu
2%
Creation of Villain AbovePilaf Machine
2%
-TransformationRibrianne Giant Form
2%

Score Distribution

Percentile by Number Answered

Percent of People with Each Score

Your Score History

You have not taken this quiz since the last reset